00494 2200193 4500001002100000005001500021008004100036020002200077035001900099041000700118082000800125090001400133100003100147245003300178260003000211300002700241500001100268650002100279INLIS00000000000331820241224112712241224||||||||| | ||| |||| || |  a978-602-242-244-0 0010-1224003318 aid0 a813 a813 THI h0 aMuthia Fadhila Khairunnisa00aHwaiting 2: Dream Comes True aBandungbDar! Mizanc2014 a120 hlm.: ilus.; 20 cm aCet. 2 0aIlmu Kesusatraan